[Event "XLIV Memoriał Szachowy Ludwika Zamenhofa 2025, Grupa A"]
[Site "Białystok, Poland"]
[Date "2025.12.29"]
[Round "6.12"]
[White "Borowik, Wojciech"]
[Black "Lecki, Leonard"]
[Result "0-1"]
[TimeControl "90'+30\""]
[WhiteElo "2204"]
[BlackElo "2194"]

1. d4 {[%clk 01:30:38]} {[%emt 00:00:22]} d5 {[%clk 01:26:24]} {[%emt
00:04:36]} 2. c4 {[%clk 01:30:57]} {[%emt 00:00:10]} c6 {[%clk 01:26:38]}
{[%emt 00:00:16]} 3. Nf3 {[%clk 01:31:18]} {[%emt 00:00:08]} e6 {[%clk
01:26:47]} {[%emt 00:00:22]} 4. e3 {[%clk 01:31:12]} {[%emt 00:00:36]} Nf6
{[%clk 01:27:07]} {[%emt 00:00:10]} 5. b3 {[%clk 01:31:28]} {[%emt 00:00:14]}
c5 {[%clk 01:26:46]} {[%emt 00:00:51]} 6. cxd5 {[%clk 01:29:05]} {[%emt
00:02:53]} Nxd5 {[%clk 01:21:22]} {[%emt 00:05:55]} 7. Bb2 {[%clk 01:22:10]}
{[%emt 00:07:24]} cxd4 {[%clk 01:14:47]} {[%emt 00:07:05]} 8. Nxd4 {[%clk
01:10:50]} {[%emt 00:11:50]} e5 {[%clk 01:14:31]} {[%emt 00:00:46]} 9. Nf3
{[%clk 00:57:17]} {[%emt 00:14:03]} Nc6 {[%clk 01:12:37]} {[%emt 00:02:24]} 10.
Nbd2 {[%clk 00:46:34]} {[%emt 00:11:13]} f6 {[%clk 01:11:53]} {[%emt 00:01:15]}
11. Rc1 {[%clk 00:43:56]} {[%emt 00:03:07]} Be6 {[%clk 01:11:14]} {[%emt
00:01:09]} 12. Bc4 {[%clk 00:39:21]} {[%emt 00:05:06]} Qd7 {[%clk 01:10:28]}
{[%emt 00:01:15]} 13. O-O {[%clk 00:38:58]} {[%emt 00:00:53]} Be7 {[%clk
01:10:28]} {[%emt 00:00:30]} 14. Ne4 {[%clk 00:35:00]} {[%emt 00:04:28]} Rd8
{[%clk 01:08:12]} {[%emt 00:02:45]} 15. Qe2 {[%clk 00:29:26]} {[%emt 00:06:06]}
O-O {[%clk 01:04:39]} {[%emt 00:04:02]} 16. Rfd1 {[%clk 00:28:44]} {[%emt
00:01:13]} Qc8 {[%clk 00:41:24]} {[%emt 00:23:45]} 17. Bb5 {[%clk 00:27:04]}
{[%emt 00:02:09]} Kh8 {[%clk 00:38:18]} {[%emt 00:03:35]} 18. Nc5 {[%clk
00:23:56]} {[%emt 00:03:37]} Bxc5 {[%clk 00:37:52]} {[%emt 00:00:58]} 19. Rxc5
{[%clk 00:24:17]} {[%emt 00:00:09]} Ndb4 {[%clk 00:31:40]} {[%emt 00:06:42]} 20.
Rxd8 {[%clk 00:18:38]} {[%emt 00:06:09]} Rxd8 {[%clk 00:31:57]} {[%emt
00:00:12]} 21. a3 {[%clk 00:17:56]} {[%emt 00:01:13]} a6 {[%clk 00:32:02]}
{[%emt 00:00:25]} 22. Bc4 {[%clk 00:08:20]} {[%emt 00:10:06]} Bxc4 {[%clk
00:26:35]} {[%emt 00:05:57]} 23. Rxc4 {[%clk 00:08:41]} {[%emt 00:00:08]} Nd3
{[%clk 00:26:29]} {[%emt 00:00:36]} 24. Ba1 {[%clk 00:06:38]} {[%emt 00:02:34]}
Qd7 {[%clk 00:24:44]} {[%emt 00:02:15]} 25. Kf1 {[%clk 00:06:05]} {[%emt
00:01:03]} Qd6 {[%clk 00:24:07]} {[%emt 00:01:05]} 26. b4 {[%clk 00:05:14]}
{[%emt 00:01:23]} b5 {[%clk 00:23:11]} {[%emt 00:01:25]} 27. Rc2 {[%clk
00:03:26]} {[%emt 00:02:19]} e4 {[%clk 00:22:28]} {[%emt 00:01:14]} 28. Ng1
{[%clk 00:03:17]} {[%emt 00:00:38]} a5 {[%clk 00:21:44]} {[%emt 00:01:14]} 29.
Qg4 {[%clk 00:01:28]} {[%emt 00:02:19]} axb4 {[%clk 00:15:49]} {[%emt
00:06:25]} 30. g3 {[%clk 00:00:32]} {[%emt 00:01:26]} bxa3 {[%clk 00:14:28]}
{[%emt 00:01:50]} 31. Qxe4 {[%clk 00:00:34]} {[%emt 00:00:28]} Nc5 {[%clk
00:13:00]} {[%emt 00:01:59]} 32. Qf5 {[%clk 00:00:35]} {[%emt 00:00:29]} Nb3
{[%clk 00:13:20]} {[%emt 00:00:10]} 33. Bc3 {[%clk 00:00:32]} {[%emt 00:00:33]}
b4 {[%clk 00:13:19]} {[%emt 00:00:32]} 34. Bd4 {[%clk 00:00:32]} {[%emt
00:00:29]} Nbxd4 {[%clk 00:13:25]} {[%emt 00:00:24]} 35. exd4 {[%clk 00:00:46]}
{[%emt 00:00:16]} Nxd4 {[%clk 00:13:51]} {[%emt 00:00:05]} 0-1

[Event "XLIV Memoriał Szachowy Ludwika Zamenhofa 2025, Grupa A"]
[Site "Białystok, Poland"]
[Date "2025.12.29"]
[Round "6.13"]
[White "Przybylski, Jan"]
[Black "Krol, Jan"]
[Result "1/2-1/2"]
[TimeControl "90'+30\""]
[WhiteElo "2152"]
[BlackElo "2202"]

1. e4 {[%clk 01:30:58]} c5 {[%clk 01:30:55]} {[%emt 00:00:06]} 2. Nf3 {[%clk
01:31:04]} {[%emt 00:00:24]} d6 {[%clk 01:31:20]} {[%emt 00:00:06]} 3. d4
{[%clk 01:30:47]} {[%emt 00:00:46]} cxd4 {[%clk 01:31:46]} {[%emt 00:00:04]} 4.
Nxd4 {[%clk 01:31:12]} {[%emt 00:00:04]} Nf6 {[%clk 01:32:12]} {[%emt
00:00:05]} 5. Nc3 {[%clk 01:31:34]} {[%emt 00:00:09]} a6 {[%clk 01:32:26]}
{[%emt 00:00:16]} 6. Bc4 {[%clk 01:29:17]} {[%emt 00:02:47]} e6 {[%clk
01:32:50]} {[%emt 00:00:05]} 7. a4 {[%clk 01:29:21]} {[%emt 00:00:26]} Be7
{[%clk 01:33:08]} {[%emt 00:00:12]} 8. O-O {[%clk 01:29:12]} {[%emt 00:00:39]}
O-O {[%clk 01:33:12]} {[%emt 00:00:25]} 9. Be3 {[%clk 01:27:06]} {[%emt
00:02:37]} Qc7 {[%clk 01:33:36]} {[%emt 00:00:06]} 10. Qe2 {[%clk 01:24:59]}
{[%emt 00:02:37]} Nc6 {[%clk 01:33:44]} {[%emt 00:00:21]} 11. Nxc6 {[%clk
01:21:07]} {[%emt 00:04:23]} bxc6 {[%clk 01:33:55]} {[%emt 00:00:19]} 12. a5
{[%clk 01:20:11]} {[%emt 00:01:26]} c5 {[%clk 01:34:21]} {[%emt 00:00:05]} 13.
Rfd1 {[%clk 01:17:11]} {[%emt 00:03:29]} Bb7 {[%clk 01:34:43]} {[%emt
00:00:08]} 14. Bf4 {[%clk 01:14:43]} {[%emt 00:02:57]} Rfd8 {[%clk 01:33:25]}
{[%emt 00:01:49]} 15. f3 {[%clk 00:53:44]} {[%emt 00:21:29]} Nh5 {[%clk
01:01:39]} {[%emt 00:32:16]} 16. Be3 {[%clk 00:49:11]} {[%emt 00:05:04]} Bf6
{[%clk 00:55:39]} {[%emt 00:06:30]} 17. g4 {[%clk 00:37:09]} {[%emt 00:12:31]}
d5 {[%clk 00:52:46]} {[%emt 00:03:23]} 18. gxh5 {[%clk 00:36:10]} {[%emt
00:01:29]} dxc4 {[%clk 00:43:23]} {[%emt 00:09:54]} 19. Qxc4 {[%clk 00:29:59]}
{[%emt 00:06:40]} Rxd1+ {[%clk 00:30:19]} {[%emt 00:13:34]} 20. Rxd1 {[%clk
00:27:53]} {[%emt 00:02:36]} Qxa5 {[%clk 00:30:34]} {[%emt 00:00:15]} 21. Qxc5
{[%clk 00:25:25]} {[%emt 00:02:58]} Qxc5 {[%clk 00:29:34]} {[%emt 00:01:31]} 22.
Bxc5 {[%clk 00:25:39]} {[%emt 00:00:16]} Bxc3 {[%clk 00:30:00]} {[%emt
00:00:03]} 23. bxc3 {[%clk 00:26:04]} {[%emt 00:00:05]} Bc6 {[%clk 00:29:55]}
{[%emt 00:00:35]} 24. Kf2 {[%clk 00:22:43]} {[%emt 00:03:51]} h6 {[%clk
00:28:59]} {[%emt 00:01:27]} 25. Ke3 {[%clk 00:19:58]} {[%emt 00:03:14]} Ba4
{[%clk 00:26:42]} {[%emt 00:02:47]} 26. Rd2 {[%clk 00:18:59]} {[%emt 00:01:29]}
e5 {[%clk 00:26:26]} {[%emt 00:00:47]} 27. Bd6 {[%clk 00:17:10]} {[%emt
00:02:19]} f6 {[%clk 00:26:46]} {[%emt 00:00:09]} 28. c4 {[%clk 00:17:01]}
{[%emt 00:00:39]} Rc8 {[%clk 00:26:19]} {[%emt 00:00:57]} 29. c5 {[%clk
00:17:11]} {[%emt 00:00:20]} Be8 {[%clk 00:26:32]} {[%emt 00:00:17]} 30. Rd1
{[%clk 00:12:23]} {[%emt 00:05:18]} a5 {[%clk 00:24:00]} {[%emt 00:03:02]} 31.
Ra1 {[%clk 00:11:44]} {[%emt 00:01:09]} Ra8 {[%clk 00:22:57]} {[%emt 00:01:33]}
32. f4 {[%clk 00:07:18]} {[%emt 00:04:56]} exf4+ {[%clk 00:22:55]} {[%emt
00:00:32]} 33. Kxf4 {[%clk 00:07:11]} {[%emt 00:00:37]} a4 {[%clk 00:22:51]}
{[%emt 00:00:34]} 34. Ra3 {[%clk 00:06:32]} {[%emt 00:01:08]} Ra6 {[%clk
00:23:02]} {[%emt 00:00:20]} 35. e5 {[%clk 00:05:44]} {[%emt 00:01:19]} fxe5+
{[%clk 00:22:25]} {[%emt 00:01:06]} 36. Kxe5 {[%clk 00:06:05]} {[%emt
00:00:09]} Bxh5 {[%clk 00:22:42]} {[%emt 00:00:13]} 37. Ke6 {[%clk 00:05:34]}
{[%emt 00:01:01]} Bg6 {[%clk 00:22:10]} {[%emt 00:01:02]} 38. c3 {[%clk
00:01:45]} {[%emt 00:04:19]} Be8 {[%clk 00:21:57]} {[%emt 00:00:42]} 39. Ke7
{[%clk 00:01:45]} {[%emt 00:00:31]} Bb5 {[%clk 00:20:16]} {[%emt 00:02:11]} 40.
Ke6 {[%clk 00:00:36]} {[%emt 00:01:39]} Be8 {[%clk 00:14:50]} {[%emt 00:05:57]}
41. Ke7 {[%clk 00:00:54]} {[%emt 00:00:12]} Bb5 {[%clk 00:15:10]} {[%emt
00:00:09]} 1/2-1/2

[Event "XLIV Memoriał Szachowy Ludwika Zamenhofa 2025, Grupa A"]
[Site "Białystok, Poland"]
[Date "2025.12.29"]
[Round "6.14"]
[White "Rozycki, Bartlomiej"]
[Black "Ejsymont, Eryk"]
[Result "1-0"]
[TimeControl "90'+30\""]
[WhiteElo "2197"]
[BlackElo "2022"]

1. e4 {[%clk 01:30:59]} e6 {[%clk 01:30:57]} {[%emt 00:00:04]} 2. d4 {[%clk
01:31:22]} {[%emt 00:00:07]} d5 {[%clk 01:31:09]} {[%emt 00:00:17]} 3. e5
{[%clk 01:31:47]} {[%emt 00:00:05]} c5 {[%clk 01:31:34]} {[%emt 00:00:06]} 4.
c3 {[%clk 01:32:14]} {[%emt 00:00:03]} Nc6 {[%clk 01:31:59]} {[%emt 00:00:04]}
5. Nf3 {[%clk 01:32:41]} {[%emt 00:00:03]} Nge7 {[%clk 01:32:22]} {[%emt
00:00:07]} 6. Na3 {[%clk 01:33:05]} {[%emt 00:00:07]} Bd7 {[%clk 01:32:39]}
{[%emt 00:00:13]} 7. Be2 {[%clk 01:31:10]} {[%emt 00:02:24]} cxd4 {[%clk
01:31:09]} {[%emt 00:02:00]} 8. cxd4 {[%clk 01:31:37]} {[%emt 00:00:03]} Nf5
{[%clk 01:30:44]} {[%emt 00:00:55]} 9. Nc2 {[%clk 01:31:58]} {[%emt 00:00:10]}
Be7 {[%clk 01:28:29]} {[%emt 00:02:44]} 10. O-O {[%clk 01:30:52]} {[%emt
00:01:36]} g5 {[%clk 01:20:40]} {[%emt 00:08:19]} 11. g4 {[%clk 01:30:48]}
{[%emt 00:00:34]} Ng7 {[%clk 01:11:31]} {[%emt 00:09:38]} 12. Kg2 {[%clk
01:27:16]} {[%emt 00:04:03]} f5 {[%clk 00:55:40]} {[%emt 00:16:20]} 13. exf6
{[%clk 01:27:16]} {[%emt 00:00:31]} Bxf6 {[%clk 00:56:02]} {[%emt 00:00:09]} 14.
Bd3 {[%clk 01:23:04]} {[%emt 00:04:42]} Qc7 {[%clk 00:52:06]} {[%emt 00:04:24]}
15. Bxg5 {[%clk 01:21:03]} {[%emt 00:02:32]} Bxg5 {[%clk 00:50:57]} {[%emt
00:01:39]} 16. Nxg5 {[%clk 01:21:30]} {[%emt 00:00:02]} Qf4 {[%clk 00:44:21]}
{[%emt 00:07:05]} 17. Nh3 {[%clk 01:19:28]} {[%emt 00:02:34]} Qf6 {[%clk
00:43:22]} {[%emt 00:01:27]} 18. Qf3 {[%clk 01:18:58]} {[%emt 00:01:01]} Qe7
{[%clk 00:38:41]} {[%emt 00:05:10]} 19. b4 {[%clk 01:13:33]} {[%emt 00:05:57]}
e5 {[%clk 00:30:16]} {[%emt 00:08:55]} 20. Qg3 {[%clk 01:13:01]} {[%emt
00:01:02]} e4 {[%clk 00:26:48]} {[%emt 00:03:58]} 21. b5 {[%clk 01:08:07]}
{[%emt 00:05:25]} Nd8 {[%clk 00:23:58]} {[%emt 00:03:19]} 22. Be2 {[%clk
01:07:58]} {[%emt 00:00:40]} Rg8 {[%clk 00:20:22]} {[%emt 00:04:05]} 23. Nf4
{[%clk 00:57:33]} {[%emt 00:10:55]} Qf7 {[%clk 00:15:39]} {[%emt 00:05:12]} 24.
Ne3 {[%clk 00:56:35]} {[%emt 00:01:29]} Be6 {[%clk 00:12:09]} {[%emt 00:03:59]}
25. Rac1 {[%clk 00:55:21]} {[%emt 00:01:46]} Rf8 {[%clk 00:11:39]} {[%emt
00:00:59]} 26. Nfxd5 {[%clk 00:52:14]} {[%emt 00:03:38]} Bxd5 {[%clk 00:09:36]}
{[%emt 00:02:32]} 27. Rc7 {[%clk 00:52:36]} {[%emt 00:00:08]} Qg8 {[%clk
00:06:26]} {[%emt 00:03:39]} 28. Qe5+ {[%clk 00:52:09]} {[%emt 00:00:58]} Nge6
{[%clk 00:05:23]} {[%emt 00:01:33]} 29. Nxd5 {[%clk 00:52:11]} {[%emt
00:00:28]} 1-0

[Event "XLIV Memoriał Szachowy Ludwika Zamenhofa 2025, Grupa A"]
[Site "Białystok, Poland"]
[Date "2025.12.29"]
[Round "6.15"]
[White "Kondys, Piotr"]
[Black "Backiel, Hubert"]
[Result "1/2-1/2"]
[TimeControl "90'+30\""]
[WhiteElo "2136"]
[BlackElo "2258"]

1. e4 {[%clk 01:30:54]} {[%emt 00:00:05]} c5 {[%clk 01:30:56]} {[%emt
00:00:04]} 2. Nf3 {[%clk 01:31:15]} {[%emt 00:00:08]} d6 {[%clk 01:31:20]}
{[%emt 00:00:08]} 3. d4 {[%clk 01:31:37]} {[%emt 00:00:07]} cxd4 {[%clk
01:31:47]} {[%emt 00:00:04]} 4. Nxd4 {[%clk 01:31:57]} {[%emt 00:00:09]} Nf6
{[%clk 01:32:15]} {[%emt 00:00:02]} 5. Nc3 {[%clk 01:32:17]} {[%emt 00:00:10]}
e6 {[%clk 01:32:41]} {[%emt 00:00:05]} 6. g3 {[%clk 01:31:44]} {[%emt
00:01:01]} Nc6 {[%clk 01:32:08]} {[%emt 00:01:04]} 7. Bg2 {[%clk 01:32:02]}
{[%emt 00:00:11]} Bd7 {[%clk 01:32:23]} {[%emt 00:00:17]} 8. O-O {[%clk
01:31:20]} {[%emt 00:01:11]} Be7 {[%clk 01:32:31]} {[%emt 00:00:23]} 9. h3
{[%clk 01:12:59]} {[%emt 00:18:50]} O-O {[%clk 01:32:26]} {[%emt 00:00:36]} 10.
a4 {[%clk 01:10:47]} {[%emt 00:02:41]} Qc7 {[%clk 01:10:27]} {[%emt 00:22:29]}
11. Ndb5 {[%clk 00:43:16]} {[%emt 00:28:01]} Qb8 {[%clk 01:10:41]} {[%emt
00:00:16]} 12. Be3 {[%clk 00:43:37]} {[%emt 00:00:08]} a6 {[%clk 01:04:24]}
{[%emt 00:06:49]} 13. Na3 {[%clk 00:43:44]} {[%emt 00:00:22]} Na5 {[%clk
01:02:23]} {[%emt 00:02:31]} 14. Bb6 {[%clk 00:38:56]} {[%emt 00:05:19]} Bd8
{[%clk 01:02:20]} {[%emt 00:00:31]} 15. Qd4 {[%clk 00:38:57]} {[%emt 00:00:30]}
e5 {[%clk 00:56:47]} {[%emt 00:06:02]} 16. Qe3 {[%clk 00:38:11]} {[%emt
00:01:17]} Be6 {[%clk 00:56:22]} {[%emt 00:00:56]} 17. Rfd1 {[%clk 00:17:54]}
{[%emt 00:20:46]} Nd7 {[%clk 00:47:40]} {[%emt 00:09:11]} 18. Bxd8 {[%clk
00:17:52]} {[%emt 00:00:33]} Rxd8 {[%clk 00:48:06]} {[%emt 00:00:04]} 19. Nd5
{[%clk 00:17:23]} {[%emt 00:00:59]} b5 {[%clk 00:43:26]} {[%emt 00:05:11]} 20.
b4 {[%clk 00:12:16]} {[%emt 00:05:37]} Nc6 {[%clk 00:38:52]} {[%emt 00:05:03]}
21. a5 {[%clk 00:11:12]} {[%emt 00:01:34]} Ra7 {[%clk 00:26:14]} {[%emt
00:13:09]} 22. c3 {[%clk 00:11:12]} {[%emt 00:00:29]} Rc8 {[%clk 00:22:18]}
{[%emt 00:04:26]} 23. Rd3 {[%clk 00:08:49]} {[%emt 00:02:52]} Bxd5 {[%clk
00:22:17]} {[%emt 00:00:32]} 24. Rxd5 {[%clk 00:09:10]} {[%emt 00:00:08]} Ne7
{[%clk 00:22:33]} {[%emt 00:00:15]} 25. Rd3 {[%clk 00:09:15]} {[%emt 00:00:25]}
Nf6 {[%clk 00:18:11]} {[%emt 00:04:51]} 26. Rad1 {[%clk 00:09:02]} {[%emt
00:00:44]} Ne8 {[%clk 00:17:19]} {[%emt 00:01:23]} 27. Qd2 {[%clk 00:08:28]}
{[%emt 00:01:03]} Rac7 {[%clk 00:16:52]} {[%emt 00:00:57]} 28. h4 {[%clk
00:07:09]} {[%emt 00:01:48]} Rc6 {[%clk 00:16:24]} {[%emt 00:00:59]} 29. Bh3
{[%clk 00:06:35]} {[%emt 00:01:04]} Rd8 {[%clk 00:16:41]} {[%emt 00:00:14]} 30.
Nc2 {[%clk 00:06:51]} {[%emt 00:00:14]} Nf6 {[%clk 00:16:18]} {[%emt 00:00:53]}
31. Bg2 {[%clk 00:07:06]} {[%emt 00:00:14]} Qc7 {[%clk 00:16:09]} {[%emt
00:00:39]} 32. Ne3 {[%clk 00:07:07]} {[%emt 00:00:28]} h6 {[%clk 00:16:11]}
{[%emt 00:00:29]} 33. f4 {[%clk 00:02:43]} {[%emt 00:04:55]} Rc8 {[%clk
00:12:59]} {[%emt 00:03:41]} 34. Rc1 {[%clk 00:01:19]} {[%emt 00:01:53]} exf4
{[%clk 00:08:05]} {[%emt 00:05:26]} 35. gxf4 {[%clk 00:01:47]} {[%emt
00:00:01]} Ng6 {[%clk 00:08:19]} {[%emt 00:00:17]} 36. Nf5 {[%clk 00:01:37]}
{[%emt 00:00:40]} Nh5 {[%clk 00:06:32]} {[%emt 00:02:17]} 37. Rxd6 {[%clk
00:00:58]} {[%emt 00:01:08]} Qa7+ {[%clk 00:05:08]} {[%emt 00:01:55]} 38. Qf2
{[%clk 00:00:42]} {[%emt 00:00:45]} Qxf2+ {[%clk 00:05:22]} {[%emt 00:00:16]}
39. Kxf2 {[%clk 00:01:11]} Nhxf4 {[%clk 00:05:47]} {[%emt 00:00:05]} 40. Rxg6
{[%clk 00:01:07]} {[%emt 00:00:34]} fxg6 {[%clk 00:04:56]} {[%emt 00:01:21]} 41.
Ne7+ {[%clk 00:01:31]} {[%emt 00:00:06]} Kf8 {[%clk 00:05:22]} {[%emt
00:00:04]} 42. Nxc6 {[%clk 00:01:01]} {[%emt 00:01:00]} Nd3+ {[%clk 00:05:48]}
{[%emt 00:00:04]} 43. Ke3 {[%clk 00:01:25]} {[%emt 00:00:05]} Nxc1 {[%clk
00:06:15]} {[%emt 00:00:04]} 44. e5 {[%clk 00:01:50]} {[%emt 00:00:06]} Kf7
{[%clk 00:01:38]} {[%emt 00:05:07]} 45. Kd2 {[%clk 00:01:35]} {[%emt 00:00:44]}
Na2 {[%clk 00:01:17]} {[%emt 00:00:52]} 46. Kc2 {[%clk 00:01:15]} {[%emt
00:00:47]} g5 {[%clk 00:00:42]} {[%emt 00:01:08]} 47. hxg5 {[%clk 00:00:59]}
{[%emt 00:00:46]} h5 {[%clk 00:00:44]} {[%emt 00:00:27]} 48. Kb2 {[%clk
00:01:14]} {[%emt 00:00:15]} h4 {[%clk 00:00:32]} {[%emt 00:00:43]} 49. Kxa2
{[%clk 00:01:32]} {[%emt 00:00:12]} Rh8 {[%clk 00:00:33]} {[%emt 00:00:29]} 50.
Bh3 {[%clk 00:01:41]} {[%emt 00:00:20]} Kg6 {[%clk 00:00:46]} {[%emt 00:00:18]}
51. e6 {[%clk 00:01:44]} {[%emt 00:00:26]} Kxg5 {[%clk 00:01:16]} {[%emt
00:00:01]} 52. e7 {[%clk 00:01:42]} {[%emt 00:00:31]} Kf6 {[%clk 00:01:45]} 53.
Bd7 {[%clk 00:01:51]} {[%emt 00:00:20]} Kf7 {[%clk 00:00:45]} {[%emt 00:01:31]}
54. e8=Q+ {[%clk 00:01:55]} {[%emt 00:00:26]} Rxe8 {[%clk 00:01:10]} {[%emt
00:00:05]} 55. Bxe8+ {[%clk 00:02:22]} {[%emt 00:00:03]} Kxe8 {[%clk 00:01:39]}
{[%emt 00:00:02]} 56. Ne5 {[%clk 00:02:32]} {[%emt 00:00:19]} h3 {[%clk
00:01:24]} {[%emt 00:00:45]} 57. Nf3 {[%clk 00:02:26]} {[%emt 00:00:35]} g5
{[%clk 00:01:07]} {[%emt 00:00:49]} 58. Nh2 {[%clk 00:02:48]} {[%emt 00:00:07]}
Ke7 {[%clk 00:01:03]} {[%emt 00:00:34]} 59. Kb3 {[%clk 00:02:58]} {[%emt
00:00:20]} Kd6 {[%clk 00:01:13]} {[%emt 00:00:21]} 60. c4 {[%clk 00:02:27]}
{[%emt 00:01:00]} bxc4+ {[%clk 00:01:39]} {[%emt 00:00:04]} 61. Kxc4 {[%clk
00:02:52]} {[%emt 00:00:05]} Kc6 {[%clk 00:00:37]} {[%emt 00:01:31]} 62. Ng4
{[%clk 00:02:35]} {[%emt 00:00:47]} Kd6 {[%clk 00:00:43]} {[%emt 00:00:25]} 63.
b5 {[%clk 00:02:46]} {[%emt 00:00:19]} axb5+ {[%clk 00:01:10]} {[%emt
00:00:03]} 64. Kxb5 {[%clk 00:03:12]} {[%emt 00:00:04]} Kc7 {[%clk 00:01:30]}
{[%emt 00:00:10]} 65. a6 {[%clk 00:03:06]} {[%emt 00:00:36]} Kb8 {[%clk
00:01:48]} {[%emt 00:00:12]} 66. Kb4 {[%clk 00:01:51]} {[%emt 00:01:45]} Ka7
{[%clk 00:01:30]} {[%emt 00:00:49]} 67. Ka5 {[%clk 00:02:15]} {[%emt 00:00:05]}
Kb8 {[%clk 00:01:47]} {[%emt 00:00:13]} 68. Kb6 {[%clk 00:02:17]} {[%emt
00:00:28]} Ka8 {[%clk 00:02:14]} {[%emt 00:00:04]} 69. Nh2 {[%clk 00:01:57]}
{[%emt 00:00:49]} Kb8 {[%clk 00:01:29]} {[%emt 00:01:16]} 70. Nf1 {[%clk
00:01:51]} {[%emt 00:00:34]} Ka8 {[%clk 00:01:03]} {[%emt 00:00:58]} 71. Nh2
{[%clk 00:00:56]} {[%emt 00:01:24]} Kb8 {[%clk 00:01:05]} {[%emt 00:00:29]} 72.
Nf3 {[%clk 00:00:44]} {[%emt 00:00:41]} Ka8 {[%clk 00:01:13]} {[%emt 00:00:22]}
73. Nxg5 {[%clk 00:00:35]} {[%emt 00:00:39]} h2 {[%clk 00:01:33]} {[%emt
00:00:09]} 74. Ne6 {[%clk 00:01:05]} {[%emt 00:00:01]} h1=Q {[%clk 00:01:25]}
{[%emt 00:00:37]} 75. Nc7+ {[%clk 00:01:33]} {[%emt 00:00:02]} Kb8 {[%clk
00:01:49]} {[%emt 00:00:07]} 76. a7+ {[%clk 00:01:55]} {[%emt 00:00:08]} Kc8
{[%clk 00:02:17]} {[%emt 00:00:02]} 77. a8=Q+ {[%clk 00:02:17]} {[%emt
00:00:08]} Qxa8 {[%clk 00:02:45]} {[%emt 00:00:02]} 78. Nxa8 {[%clk 00:02:37]}
{[%emt 00:00:10]} 1/2-1/2

[Event "XLIV Memoriał Szachowy Ludwika Zamenhofa 2025, Grupa A"]
[Site "Białystok, Poland"]
[Date "2025.12.29"]
[Round "6.16"]
[White "Paprocki, Jaroslaw"]
[Black "Butkiewicz, Jan"]
[Result "1/2-1/2"]
[TimeControl "90'+30\""]
[WhiteElo "2096"]
[BlackElo "2199"]

1. c4 {[%clk 01:29:54]} {[%emt 00:01:02]} e6 {[%clk 01:30:46]} {[%emt
00:00:17]} 2. d4 {[%clk 01:30:12]} {[%emt 00:00:13]} Nf6 {[%clk 01:31:07]}
{[%emt 00:00:09]} 3. Nf3 {[%clk 01:30:33]} {[%emt 00:00:09]} d5 {[%clk
01:31:30]} {[%emt 00:00:06]} 4. Nc3 {[%clk 01:30:59]} {[%emt 00:00:05]} Bb4
{[%clk 01:31:53]} {[%emt 00:00:07]} 5. Bg5 {[%clk 01:31:27]} {[%emt 00:00:02]}
h6 {[%clk 01:32:12]} {[%emt 00:00:11]} 6. Bxf6 {[%clk 01:31:56]} Qxf6 {[%clk
01:32:31]} {[%emt 00:00:11]} 7. e3 {[%clk 01:32:25]} {[%emt 00:00:01]} O-O
{[%clk 01:32:13]} {[%emt 00:00:47]} 8. Qb3 {[%clk 01:32:05]} {[%emt 00:00:51]}
Bxc3+ {[%clk 01:30:43]} {[%emt 00:01:59]} 9. Qxc3 {[%clk 01:32:25]} {[%emt
00:00:10]} c6 {[%clk 01:27:53]} {[%emt 00:03:20]} 10. Rc1 {[%clk 01:29:59]}
{[%emt 00:02:55]} Nd7 {[%clk 01:20:03]} {[%emt 00:08:20]} 11. cxd5 {[%clk
01:27:36]} {[%emt 00:02:54]} exd5 {[%clk 01:19:21]} {[%emt 00:01:12]} 12. b4
{[%clk 01:27:47]} {[%emt 00:00:19]} a6 {[%clk 01:17:48]} {[%emt 00:02:02]} 13.
Bd3 {[%clk 01:27:57]} {[%emt 00:00:20]} Nb6 {[%clk 01:06:56]} {[%emt 00:11:24]}
14. O-O {[%clk 01:22:59]} {[%emt 00:05:27]} Bf5 {[%clk 01:06:44]} {[%emt
00:00:42]} 15. Bxf5 {[%clk 01:17:19]} {[%emt 00:06:10]} Qxf5 {[%clk 01:07:09]}
{[%emt 00:00:04]} 16. Nd2 {[%clk 01:17:39]} {[%emt 00:00:10]} Nc8 {[%clk
01:01:57]} {[%emt 00:05:42]} 17. a4 {[%clk 01:13:47]} {[%emt 00:04:23]} Nd6
{[%clk 01:01:39]} {[%emt 00:00:47]} 18. Nb3 {[%clk 01:08:28]} {[%emt 00:05:50]}
Rfe8 {[%clk 00:53:26]} {[%emt 00:08:43]} 19. Nc5 {[%clk 01:07:36]} {[%emt
00:01:22]} Re7 {[%clk 00:50:57]} {[%emt 00:02:59]} 20. Qc2 {[%clk 01:02:08]}
{[%emt 00:05:58]} Qg5 {[%clk 00:50:20]} {[%emt 00:01:07]} 21. Qd1 {[%clk
01:00:44]} {[%emt 00:01:53]} g6 {[%clk 00:47:56]} {[%emt 00:02:55]} 22. Re1
{[%clk 01:00:39]} {[%emt 00:00:35]} Kg7 {[%clk 00:46:37]} {[%emt 00:01:47]} 23.
Qf3 {[%clk 00:54:36]} {[%emt 00:06:35]} Rae8 {[%clk 00:45:47]} {[%emt
00:01:20]} 24. g3 {[%clk 00:52:27]} {[%emt 00:02:39]} h5 {[%clk 00:36:02]}
{[%emt 00:10:14]} 25. Qf4 {[%clk 00:50:41]} {[%emt 00:02:16]} Qxf4 {[%clk
00:36:03]} {[%emt 00:00:30]} 26. gxf4 {[%clk 00:51:09]} {[%emt 00:00:02]} f6
{[%clk 00:33:52]} {[%emt 00:02:40]} 27. Kf1 {[%clk 00:42:06]} {[%emt 00:09:33]}
Kh6 {[%clk 00:32:47]} {[%emt 00:01:35]} 28. Nd3 {[%clk 00:37:09]} {[%emt
00:05:27]} Ra8 {[%clk 00:28:56]} {[%emt 00:04:21]} 29. a5 {[%clk 00:35:00]}
{[%emt 00:02:40]} Nf5 {[%clk 00:28:45]} {[%emt 00:00:41]} 30. Re2 {[%clk
00:34:03]} {[%emt 00:01:27]} Rae8 {[%clk 00:27:52]} {[%emt 00:01:23]} 31. Rcc2
{[%clk 00:34:32]} {[%emt 00:00:01]} Nh4 {[%clk 00:26:55]} {[%emt 00:01:26]} 32.
h3 {[%clk 00:33:54]} {[%emt 00:01:08]} Nf3 {[%clk 00:25:42]} {[%emt 00:01:43]}
33. Ne1 {[%clk 00:33:02]} {[%emt 00:01:22]} Nxe1 {[%clk 00:24:41]} {[%emt
00:01:31]} 34. Rxe1 {[%clk 00:33:01]} {[%emt 00:00:31]} Rg7 {[%clk 00:18:48]}
{[%emt 00:06:23]} 35. f3 {[%clk 00:30:41]} {[%emt 00:02:50]} g5 {[%clk
00:18:18]} {[%emt 00:01:01]} 36. f5 {[%clk 00:29:04]} {[%emt 00:02:06]} Rge7
{[%clk 00:14:27]} {[%emt 00:04:22]} 37. Kf2 {[%clk 00:28:38]} {[%emt 00:00:55]}
Kg7 {[%emt 00:04:43]} 38. Rce2 Rd8 {[%emt 00:00:02]} 1/2-1/2